Rozpoznaj kraj po banknocie #1 - Statystyki

Ogólne statystyki
  • Ten quiz został rozwiązany 11 razy
  • Średni wynik to 43 z 60
Statystyki odpowiedzi
Obrazkowy Odpowiedź % Poprawnych
Czechy
100%
Indie
100%
Kanada
100%
Meksyk
100%
Nikaragua
100%
Polska
100%
Sierra Leone
100%
Stany Zjednoczone
100%
Turcja
100%
Wielka Brytania
100%
Wietnam
100%
Australia
88%
Dania
88%
Egipt
88%
Erytrea
88%
Japonia
88%
Republika Południowej Afryki
88%
Rumunia
88%
Serbia
88%
Szwajcaria
88%
Węgry
88%
Zambia
88%
Brazylia
75%
Eswatini
75%
Gambia
75%
Lesotho
75%
Malezja
75%
Mauretania
75%
Nigeria
75%
Norwegia
75%
Papua-Nowa Gwinea
75%
Paragwaj
75%
Samoa
75%
Surinam
75%
Tonga
75%
Vanuatu
75%
Wyspy Salomona
75%
Botswana
63%
Burundi
63%
Dżibuti
63%
Filipiny
63%
Nepal
63%
Wyspy Świętego Tomasza i Książęca
63%
Albania
50%
Armenia
50%
Azerbejdżan
50%
Gruzja
50%
Komory
50%
Korea Południowa
50%
Mongolia
50%
Tajlandia
50%
Kazachstan
38%
Kirgistan
38%
Malediwy
38%
Maroko
38%
Mjanma
38%
Tadżykistan
38%
Bhutan
25%
Laos
25%
Bangladesz
13%
Nie znaleziono quizów pasujących do podanych kryteriów
Rozkład punktacji
Procent ludzi z każdym wynikiem
Percentyl według liczby udzielonych odpowiedzi
Twoja historia wyników
Nie rozwiązałeś tego quizu